[Event "Goch op 27th"]
[Site "Goch"]
[Date "2016.09.01"]
[Round "1"]
[White "Neumann, Horst"]
[Black "Wiley, Tom E"]
[Result "1/2-1/2"]
[WhiteElo "1878"]
[BlackElo "2211"]
[PlyCount "68"]
[EventDate "2016.09.01"]
[EventType "swiss"]
[EventRounds "7"]
[EventCountry "GER"]
[SourceTitle "EXT 2018"]
[Source "ChessBase"]
[SourceDate "2017.10.13"]
[SourceVersion "1"]
[SourceVersionDate "2017.10.13"]
[SourceQuality "1"]

1. d4 Nf6 2. c4 e6 3. Nc3 Bb4 4. Qc2 c5 5. Nf3 cxd4 6. Nxd4 b6 7. a3 Bc5 8. Nb3 Be7 9. Bf4 0-0 10. Rd1 a6 11. e4 Bb7 12. Bd3 Nh5 13. Be3 Bg5 14. Qd2 Bxe3 15. Qxe3 Qc7 16. 0-0 d6 17. f4 Nd7 18. Qh3 Nhf6 19. g4 Nc5 20. Nxc5 Qxc5+ 21. Kg2 d5 22. b4 Qc8 23. exd5 exd5 24. cxd5 Qxg4+ 25. Qxg4 Nxg4 26. Rfe1 Rfe8 27. Kg3 Ne3 28. Rc1 Nxd5 29. Nxd5 Bxd5 30. Bxa6 g6 31. Rxe8+ Rxe8 32. Rc8 Kf8 33. Kf2 Rxc8 34. Bxc8 Bc6 1/2-1/2

[Event "GER-chT Seniors 21st"]
[Site "Berlin"]
[Date "2012.09.10"]
[Round "1.14"]
[White "Dekan, Hans"]
[Black "Neumann, Horst"]
[Result "1-0"]
[WhiteElo "2079"]
[BlackElo "1806"]
[PlyCount "75"]
[EventDate "2012.09.10"]
[EventType "team-swiss"]
[EventRounds "7"]
[EventCountry "GER"]
[SourceTitle "CBM 150 Extra"]
[Source "ChessBase"]
[SourceDate "2012.10.19"]
[SourceVersion "1"]
[SourceVersionDate "2012.10.19"]
[SourceQuality "1"]
[WhiteTeam "Baden Seniors II"]
[BlackTeam "Rheinland Pfalz Seniors II"]
[WhiteTeamCountry "GER"]
[BlackTeamCountry "GER"]

1. e4 c6 2. d4 d5 3. Nc3 dxe4 4. Nxe4 Bf5 5. Ng3 Bg6 6. Nh3 e6 7. Nf4 Bd6 8. h4 Ne7 9. h5 Bf5 10. c3 Qc7 11. Nxf5 Nxf5 12. Qg4 Nd7 13. Bd3 Nf6 14. Qf3 0-0-0 15. Bxf5 exf5 16. Nd3 Rde8+ 17. Kd1 g6 18. h6 Re4 19. Bd2 Rhe8 20. Re1 Qb6 21. Kc2 Qb5 22. a4 Qd5 23. b3 Qe6 24. c4 Qd7 25. Bc3 Rxe1 26. Rxe1 Ne4 27. Re3 Qd8 28. Qe2 Re6 29. Be1 Qf6 30. f3 Ng3 31. Bxg3 Bxg3 32. f4 Bh2 33. d5 cxd5 34. cxd5 Rd6 35. Re8+ Kc7 36. Ne5 Rd8 37. Qc4+ Kd6 38. Rxd8+ 1-0

[Event "EU-chT Seniors"]
[Site "Rogaska Slatina"]
[Date "2012.04.02"]
[Round "7.11"]
[White "Neumann, Horst"]
[Black "Borwell, Alan Peter"]
[Result "0-1"]
[WhiteElo "1937"]
[BlackElo "2085"]
[PlyCount "116"]
[EventDate "2012.03.27"]
[EventType "team-swiss"]
[EventRounds "9"]
[EventCountry "SLO"]
[SourceTitle "CBM 147 Extra"]
[Source "ChessBase"]
[SourceDate "2012.04.24"]
[SourceVersion "1"]
[SourceVersionDate "2012.04.24"]
[SourceQuality "1"]
[WhiteTeam "Rheinland (Seniors)"]
[BlackTeam "Scotland (Seniors)"]
[WhiteTeamCountry "GER"]
[BlackTeamCountry "SCO"]

1. d4 Nf6 2. Nf3 b6 3. c4 e6 4. a3 Bb7 5. e3 Be7 6. Nc3 Ne4 7. Nxe4 Bxe4 8. Bd3 Bxd3 9. Qxd3 0-0 10. 0-0 d6 11. b4 Nd7 12. Bb2 f5 13. Rfd1 Qe8 14. Rac1 Qh5 15. c5 Nf6 16. cxb6 cxb6 17. Rc2 g5 18. Rdc1 g4 19. Nd2 Rad8 20. Rc7 Nd5 21. R7c6 Rf6 22. Rc8 Rxc8 23. Rxc8+ Kf7 24. Qb5 Kg7 25. Qe8 Qxe8 26. Rxe8 Rf8 27. Rxf8 Kxf8 28. Kf1 Ke8 29. Ke2 b5 30. g3 Bg5 31. Kd3 Kd7 32. Nb3 Nf6 33. Nd2 Bh6 34. Bc3 Kc6 35. Nb3 Ne4 36. Be1 Ng5 37. Bc3 Nf3 38. e4 fxe4+ 39. Kxe4 d5+ 40. Kd3 Nxh2 41. Bd2 Bg7 42. Nc5 e5 43. dxe5 Bxe5 44. Bc3 Bxc3 45. Kxc3 Nf3 46. Kd3 Ne5+ 47. Kc3 Nc4 48. Kb3 a5 49. a4 Nd2+ 50. Kc3 axb4+ 51. Kxb4 bxa4 52. Nd3 a3 53. Kxa3 Kb5 54. Kb2 Ne4 55. Kc2 Kc4 56. Ne5+ Kd4 57. Nxg4 h5 58. Nh2 Nxf2 0-1

[Event "GER-chT Seniors 20th"]
[Site "Gladenbach"]
[Date "2011.09.12"]
[Round "2.4"]
[White "Falk, Thomas"]
[Black "Neumann, Horst"]
[Result "1-0"]
[WhiteElo "2016"]
[BlackElo "1778"]
[PlyCount "107"]
[EventDate "2011.09.11"]
[EventType "team-swiss"]
[EventRounds "7"]
[EventCountry "GER"]
[SourceTitle "CBM 144 Extra"]
[Source "ChessBase"]
[SourceDate "2011.10.28"]
[SourceVersion "1"]
[SourceVersionDate "2011.10.28"]
[SourceQuality "1"]
[WhiteTeam "Hessen III"]
[BlackTeam "Rheinland Pfalz"]
[WhiteTeamCountry "GER"]
[BlackTeamCountry "GER"]

1. Nf3 d5 2. d4 Nf6 3. c4 c6 4. Nc3 g6 5. Qb3 dxc4 6. Qxc4 Bg7 7. Bg5 0-0 8. e3 b5 9. Qb3 Be6 10. Qc2 Nbd7 11. Be2 Rc8 12. 0-0 Nb6 13. Rfd1 h6 14. Bxf6 Bxf6 15. Ne4 Bg7 16. Nc5 Bc4 17. b3 Bxe2 18. Qxe2 Nd5 19. Rac1 Re8 20. e4 Nf4 21. Qe3 g5 22. Nd3 Ng6 23. e5 e6 24. Nc5 Bf8 25. Ne4 Be7 26. h3 Nf4 27. Nh2 Nd5 28. Qf3 Kg7 29. Ng3 Rh8 30. Nh5+ Kf8 31. Ng4 Qe8 32. Qe4 Qd7 33. Rd3 Ba3 34. Rcd1 Ke7 35. Rf3 Rcf8 36. Nhf6 Qc7 37. Qb1 Bb4 38. Qc2 Rc8 39. Ne4 Qb6 40. Ngf6 Nf4 41. Kh2 Rhd8 42. g3 Ng6 43. Rfd3 Kf8 44. Qc1 Be7 45. h4 Bxf6 46. Nxf6 gxh4 47. Qxh6+ Ke7 48. Qg5 hxg3+ 49. fxg3 Qa6 50. R1d2 Rh8+ 51. Kg1 Qa3 52. Rf2 Rh3 53. Kg2 Rch8 54. Nh5+ 1-0

[Event "GER-chT Seniors 20th"]
[Site "Gladenbach"]
[Date "2011.09.11"]
[Round "1.4"]
[White "Neumann, Horst"]
[Black "Lenk, Wolfgang"]
[Result "0-1"]
[WhiteElo "1778"]
[BlackElo "2065"]
[PlyCount "90"]
[EventDate "2011.09.11"]
[EventType "team-swiss"]
[EventRounds "7"]
[EventCountry "GER"]
[SourceTitle "CBM 144 Extra"]
[Source "ChessBase"]
[SourceDate "2011.10.28"]
[SourceVersion "1"]
[SourceVersionDate "2011.10.28"]
[SourceQuality "1"]
[WhiteTeam "Rheinland Pfalz"]
[BlackTeam "Sachsen"]
[WhiteTeamCountry "GER"]
[BlackTeamCountry "GER"]

1. d4 Nf6 2. Nf3 g6 3. Bg5 Bg7 4. Nbd2 0-0 5. e4 d6 6. Be2 b6 7. c4 c5 8. d5 h6 9. Bxf6 Bxf6 10. Qc2 Na6 11. a3 Nc7 12. Rb1 e6 13. 0-0 Bg7 14. Rfe1 e5 15. Bd3 f5 16. b4 f4 17. h3 Ne8 18. bxc5 bxc5 19. Qa4 g5 20. Nh2 a5 21. Rb2 Bd7 22. Qc2 Nf6 23. Be2 Rf7 24. Reb1 Bf8 25. Rb7 Qe8 26. Bd1 h5 27. f3 Bc8 28. Rb8 Rfa7 29. Rxa8 Rxa8 30. Qb2 Qg6 31. Qb6 Bd7 32. Qc7 a4 33. Rb8 Rxb8 34. Qxb8 g4 35. hxg4 hxg4 36. fxg4 Bxg4 37. Bxg4 Nxg4 38. Nxg4 Qxg4 39. Nf3 Qg6 40. Qa8 Qxe4 41. Qxa4 Qe3+ 42. Kh1 e4 43. Ng1 f3 44. gxf3 exf3 45. Qc2 Qh6+ 0-1